000 00851nam a22002651i 4500
005 20201014105400.0
008 201014s2018 ii |||e ||| 000 f tam d
020 _cRM 89.60
_qhardback
040 _aPPAK
_beng
_cPPAK
_erda
082 0 4 _223
_a894.8113
090 0 0 _a894.8113
_bVAN
_dG
100 0 _6880-01
_aVanitha
_eauthor.
245 1 0 _6880-02
_aVuyirvidum Varai Unnoduthan /
_cVanitha
264 1 _aChennai, India :
_bMS Publications ,
_c2018.
300 _a528 pages ;
_c18 cm.
336 _2rdacontent
_atext
337 _2rdamedia
_aunmediated
338 _2rdacarrier
_avolume
546 _aIn Tamil.
650 1 0 _aMan-woman relationships
_xfiction.
650 2 0 _aTamil fiction.
880 0 _6100-01
_a வநிஷா
880 1 0 _6245-02
_aஉயிர் விடும்வரை உன்னோடுதான்
942 _2ddc
_cB
999 _c179505
_d179505